| 000 | 00959cam a22002651a 4500 | ||
|---|---|---|---|
| 001 | gs 56000185 | ||
| 003 | DLC | ||
| 005 | 20260227111404.0 | ||
| 008 | 840507s1956 dcuab b s001 0 eng | ||
| 010 | _ags 56000185 | ||
| 035 | _a(OCoLC)10698324 | ||
| 040 |
_aDLC _cL _dDNAL _dOCoLC _dDLC |
||
| 050 | 0 | 0 |
_aTC801 _b.U2 no. 1364 |
| 070 | 0 |
_a407 _bG29W no.1364 |
|
| 072 | 0 | _aP200 | |
| 100 | 1 |
_aJones, Paul Hastings, _d1918- |
|
| 245 | 1 | 0 |
_aWater resources of southwestern Louisiana / _cby Paul H. Jones ... [et al.] ; prepared in cooperation with the Louisiana Dept. of Public Works and the Louisiana Geological Survey, Dept. of Conservation. |
| 260 |
_aWashington, D.C. : _bU.S. G.P.O., _c1956. |
||
| 300 |
_axiii, 460 p. : _bill., maps ; _c24 cm. |
||
| 440 | 0 |
_aGeological Survey water-supply paper ; _v1364 |
|
| 504 | _aBibliography: p. 451-454. | ||
| 500 | _aIncludes index. | ||
| 650 | 0 |
_aWater-supply _zLouisiana. |
|
| 650 | 0 |
_aGroundwater _zLouisiana. |
|
| 999 |
_c29073 _d29073 |
||